000 00824nam a2200205 i 4500
001 33194
003 ES-MaACL
005 20241026195715.0
007 t|
008 030201s1913 cu b ||||1| spa d
110 1 _aCuba.
_bCámara de Representantes.
_bBiblioteca.
_9161303
245 1 0 _aBiblioteca :
_binforme anual 1912 : extracto del tomo V de la memoria de la Cámara correspondiente al quinto período congresional y adicionado hasta 31 de marzo 1913 /
_cCámara de Representantes.
260 _aHabana :
_b[s.n.],
_c1913 (
_fImp. de Rambla, Bauz y Cª)
300 _a134 p., [9] h. de lám. ;
_c26 cm.
610 1 4 _aCuba.
_bCámara de Representantes.
_bBiblioteca-
_vCatálogos.
_9161304
651 4 _aCuba-
_vBibliografías.
_9161305
852 _aES-MaACL
_jT-1336-F-1
942 _2udc
999 _c33194
_d33194